00463nam a2200181 a 4500001001300000003000900013005001700022008004100039020002300080082001300103100002200116245002800138260003200166300000900198500003500207505001500242650002400257nice12345678IN_TiNIC20260116013033.0050524s1957 newa grp 000 0 eng  a006011X c10000a201bFEU aFeuerbach, Ludwig aEssence of Christianity aNew York bHarperone c1957 a339p aincludes index and biblioraphy2 aAppendices aPhilosophy-Religion